[Event "Benedictine IV"]
[Site "Manchester"]
[Date "1981.09.08"]
[Round "5"]
[White "Kudrin, Sergey"]
[Black "Jacobs, Byron A"]
[Result "1-0"]
[WhiteElo "2465"]
[BlackElo "2245"]
[PlyCount "59"]
[EventDate "1981.09.04"]
[EventType "swiss"]
[EventRounds "9"]
[EventCountry "ENG"]
[SourceTitle "Bulletin 1981"]

1. e4 e5 2. Nf3 Nc6 3. Bc4 Nf6 4. d3 Be7 5. Bb3 d6 6. c3 O-O 7. O-O Na5 8. Bc2
c5 9. Re1 Re8 10. Nbd2 Bf8 11. Nf1 b5 12. d4 cxd4 13. cxd4 Bb7 14. d5 Nc4 15.
Bd3 a6 16. a4 Be7 17. Ng3 Qb8 18. b3 Nb6 19. Be3 Nbd7 20. axb5 axb5 21. Bxb5
Rc8 22. Nd2 Bd8 23. Qe2 Ba5 24. Nf5 Kf8 25. Bxd7 Nxd7 26. Nxg7 Rc2 27. Nf5 Ba6
28. Bh6+ Ke8 29. Qg4 Nf6 30. Qg7 {Source: Bulletin} 1-0

[Event "Benedictine IV"]
[Site "Manchester"]
[Date "1981.09.08"]
[Round "5"]
[White "Murey, Jacob"]
[Black "Keene, Raymond D"]
[Result "1/2-1/2"]
[WhiteElo "2450"]
[BlackElo "2475"]
[PlyCount "97"]
[EventDate "1981.09.04"]
[EventType "swiss"]
[EventRounds "9"]
[EventCountry "ENG"]
[SourceTitle "Bulletin 1981"]

1. e4 g6 2. d4 Bg7 3. c4 c5 4. Nf3 d6 5. Nc3 Qa5 6. Be2 Bg4 7. O-O Bxf3 8. Bxf3
cxd4 9. b4 Qd8 10. Nb5 Nc6 11. Bb2 e5 12. c5 dxc5 13. bxc5 Bf8 14. Rc1 Nf6 15.
Be2 a6 16. Nd6+ Bxd6 17. cxd6 Qxd6 18. Qb3 Qb4 19. Qxb4 Nxb4 20. f4 Nc6 21.
fxe5 Nd7 22. Rxc6 bxc6 23. Bxd4 Ke7 24. Bc4 Rhf8 25. Be3 Nxe5 26. Bc5+ Ke8 27.
Be2 f6 28. Bxf8 Kxf8 29. Rxf6+ Ke7 30. Rf1 Rb8 31. Rc1 Rb2 32. Bc4 a5 33. Bb3
Re2 34. h3 Kd6 35. Rd1+ Kc5 36. Bd5 h5 37. Kf1 Rb2 38. Bb3 a4 39. Bxa4 Rxa2 40.
Rc1+ Kd6 41. Rd1+ Ke7 42. Rd4 Rb2 43. Bd1 h4 44. Be2 Ra2 45. Kf2 Kf6 46. Rd6+
Ke7 47. Rd1 Kf6 48. Rd6+ Ke7 49. Rd1 {Source: Bulletin} 1/2-1/2

[Event "Benedictine IV"]
[Site "Manchester"]
[Date "1981.09.08"]
[Round "5"]
[White "Pytel, Krzysztof"]
[Black "Ligterink, Gert"]
[Result "1/2-1/2"]
[WhiteElo "2400"]
[BlackElo "2450"]
[PlyCount "42"]
[EventDate "1981.09.04"]
[EventType "swiss"]
[EventRounds "9"]
[EventCountry "ENG"]
[SourceTitle "Ligterink, Gert"]

1. Nf3 c5 2. c4 Nf6 3. Nc3 Nc6 4. g3 d5 5. cxd5 Nxd5 6. Bg2 g6 7. O-O Bg7 8. d3
O-O 9. Bd2 b6 10. Qa4 Bb7 11. Rac1 Rc8 12. a3 Nxc3 13. bxc3 e5 14. Be3 Qe7 15.
Rfd1 h6 16. Qh4 Qxh4 17. Nxh4 Rfd8 18. c4 Rc7 19. Kf1 Ne7 20. Bxb7 Rxb7 21. f3
Rbd7 {Source: Gert Ligterink} 1/2-1/2

[Event "Benedictine IV"]
[Site "Manchester"]
[Date "1981.09.08"]
[Round "5"]
[White "Ravikumar, Vaidyanathan"]
[Black "King, Daniel J"]
[Result "0-1"]
[WhiteElo "2325"]
[BlackElo "2320"]
[PlyCount "88"]
[EventDate "1981.09.04"]
[EventType "swiss"]
[EventRounds "9"]
[EventCountry "ENG"]
[SourceTitle "Bulletin 1981"]

1. Nf3 c5 2. b3 Nf6 3. Bb2 g6 4. c4 Bg7 5. g3 O-O 6. Bg2 Nc6 7. O-O d6 8. Nc3
e5 9. d3 Rb8 10. a3 a6 11. Nd2 Be6 12. Qb1 Qd7 13. Rc1 b5 14. cxb5 axb5 15. b4
c4 16. dxc4 bxc4 17. e3 d5 18. Na4 Bh3 19. Nc5 Qg4 20. Bf3 Qg5 21. Bh1 e4 22.
Bc3 Ne5 23. Qb2 Nfg4 24. Ndxe4 dxe4 25. Bxe4 Qe7 26. Rd1 Qxc5 27. bxc5 Rxb2 28.
Bxb2 Nf3+ 29. Bxf3 Bxb2 30. c6 Ne5 31. Bd5 Bxa1 32. Rxa1 Rc8 33. f4 Nxc6 34.
Bxc4 Na5 35. Bd5 Rc5 36. e4 Rc2 37. e5 Rd2 38. Be4 Nb3 39. Rb1 Be6 40. a4 Ra2
41. Bc6 Nd4 42. Rb8+ Kg7 43. Be8 Nf3+ 44. Kf1 Bh3# {Source: Bulletin} 0-1

[Event "Benedictine IV"]
[Site "Manchester"]
[Date "1981.09.08"]
[Round "5"]
[White "Tisdall, Jonathan D"]
[Black "Byron, Alan M"]
[Result "1-0"]
[WhiteElo "2415"]
[BlackElo "2240"]
[PlyCount "39"]
[EventDate "1981.09.04"]
[EventType "swiss"]
[EventRounds "9"]
[EventCountry "ENG"]
[SourceTitle "Bulletin 1981"]

1. d4 d5 2. Nf3 Nf6 3. c4 dxc4 4. e3 Bg4 5. Bxc4 e6 6. Nc3 a6 7. h3 Bh5 8. g4
Bg6 9. Ne5 Bd6 10. Qf3 Bxe5 11. dxe5 Nfd7 12. Qxb7 Nb6 13. b3 N8d7 14. Ba3 Nxc4
15. bxc4 Nxe5 16. Rd1 Nd3+ 17. Ke2 Rb8 18. Qc6+ Qd7 19. Qxd7+ Kxd7 20. e4 {
Source: Bulletin} 1-0

[Event "Benedictine IV"]
[Site "Manchester"]
[Date "1981.09.08"]
[Round "5"]
[White "Van der Sterren, Paul"]
[Black "Petursson, Margeir"]
[Result "1/2-1/2"]
[WhiteElo "2420"]
[BlackElo "2460"]
[PlyCount "98"]
[EventDate "1981.09.04"]
[EventType "swiss"]
[EventRounds "9"]
[EventCountry "ENG"]
[SourceTitle "Bulletin 1981"]

1. Nf3 d5 2. d4 e6 3. c4 c5 4. cxd5 exd5 5. g3 Nc6 6. Bg2 Nf6 7. O-O Be7 8. Nc3
O-O 9. dxc5 Bxc5 10. Bg5 d4 11. Bxf6 Qxf6 12. Nd5 Qd8 13. Nd2 Re8 14. Nb3 Bb6
15. Rc1 Bg4 16. Re1 Qd7 17. Qd2 h6 18. Nf4 Re7 19. Nc5 Bxc5 20. Rxc5 Rae8 21.
b4 a6 22. Rc4 Rd8 23. Nd3 Ne5 24. Rc5 Nxd3 25. exd3 Rxe1+ 26. Qxe1 Re8 27. Re5
Rc8 28. Re7 Qxe7 29. Qxe7 Rc1+ 30. Bf1 Bh3 31. Qe2 Kf8 32. f4 b6 33. Kf2 Rxf1+
34. Qxf1 Bxf1 35. Kxf1 Ke7 36. Ke2 Ke6 37. a3 g6 38. Kf3 Kd5 39. Ke2 h5 40. Kd2
Ke6 41. Ke2 a5 42. bxa5 bxa5 43. Kf3 Kd5 44. h3 f6 45. g4 h4 46. g5 fxg5 47.
fxg5 Ke5 48. Kg4 a4 49. Kxh4 Kf4 {Source: Bulletin} 1/2-1/2

[Event "Benedictine IV"]
[Site "Manchester"]
[Date "1981.09.08"]
[Round "5"]
[White "Wells, Ian Duncan"]
[Black "Fehrig, Andreas"]
[Result "0-1"]
[WhiteElo "2355"]
[BlackElo "2215"]
[PlyCount "72"]
[EventDate "1981.09.04"]
[EventType "swiss"]
[EventRounds "9"]
[EventCountry "ENG"]
[SourceTitle "Bulletin 1981"]

1. Nf3 c5 2. g3 Nc6 3. Bg2 e5 4. d3 g6 5. c4 Bg7 6. Nc3 Nge7 7. O-O O-O 8. a3
d6 9. Rb1 Rb8 10. b4 b6 11. Nd5 Nxd5 12. cxd5 Nd4 13. bxc5 dxc5 14. Nxd4 cxd4
15. e4 Bd7 16. f4 f6 17. Bd2 Re8 18. Qf3 a5 19. h4 Qe7 20. h5 Rf8 21. hxg6 hxg6
22. f5 g5 23. Kf2 Qxa3 24. Rh1 Rfc8 25. Ke2 Rc2 26. Rhc1 Rxc1 27. Rxc1 Rc8 28.
Rxc8+ Bxc8 29. Qf1 Bf8 30. Qb1 Bb4 31. Bxb4 axb4 32. Qc2 Ba6 33. d6 Kf8 34. Bf1
Qc3 35. Qxc3 bxc3 36. Kd1 Bb5 {Source: Bulletin} 0-1

[Event "Benedictine IV"]
[Site "Manchester"]
[Date "1981.09.09"]
[Round "6"]
[White "Formanek, Edward W"]
[Black "Hanreck, Alan"]
[Result "1-0"]
[WhiteElo "2370"]
[BlackElo "2275"]
[PlyCount "67"]
[EventDate "1981.09.04"]
[EventType "swiss"]
[EventRounds "9"]
[EventCountry "ENG"]
[SourceTitle "Bulletin 1981"]

1. e4 c5 2. Nf3 d6 3. d4 cxd4 4. Nxd4 Nf6 5. Nc3 a6 6. f4 Qc7 7. Bd3 g6 8. O-O
Bg7 9. Kh1 Nbd7 10. Qe1 b5 11. Nf3 Bb7 12. e5 dxe5 13. fxe5 Ng4 14. Be4 O-O 15.
Nd5 Bxd5 16. Bxd5 Rad8 17. e6 Nde5 18. exf7+ Kh8 19. Nxe5 Bxe5 20. Be6 Nxh2 21.
Rf2 Rd4 22. Bg5 Ng4 23. Rf3 Bg7 24. Bxg4 Rxg4 25. Qxe7 Qc8 26. Re1 h6 27. Bf6
Bxf6 28. Qxf6+ Kh7 29. c3 Qd7 30. Qe6 Rh4+ 31. Kg1 Qa7+ 32. Ree3 a5 33. Qd6 Kg7
34. Qf6+ {Source: Bulletin} 1-0

[Event "Benedictine IV"]
[Site "Manchester"]
[Date "1981.09.09"]
[Round "6"]
[White "Gurevich, Dmitry"]
[Black "Ciric, Dragoljub M"]
[Result "1-0"]
[WhiteElo "2425"]
[BlackElo "2400"]
[PlyCount "107"]
[EventDate "1981.09.04"]
[EventType "swiss"]
[EventRounds "9"]
[EventCountry "ENG"]
[SourceTitle "Bulletin 1981"]

1. d4 d5 2. c4 e6 3. Nf3 Nf6 4. Nc3 Be7 5. Bg5 O-O 6. e3 h6 7. Bxf6 Bxf6 8. Qd2
Nc6 9. O-O-O dxc4 10. Bxc4 e5 11. dxe5 Qxd2+ 12. Rxd2 Nxe5 13. Nxe5 Bxe5 14.
Rhd1 a6 15. Ne4 g6 16. Rd5 Re8 17. Rd8 Bf5 18. Rxa8 Rxa8 19. Nc5 b6 20. Nxa6
Bd6 21. a3 Kf8 22. Bb5 Ke7 23. Nb4 Bxb4 24. axb4 c5 25. Bc6 Ra1+ 26. Kd2 Rxd1+
27. Kxd1 cxb4 28. Bd5 f6 29. e4 Bd7 30. Kd2 Kd6 31. Ke3 Kc5 32. f4 g5 33. g3
Bc8 34. Bb3 Bb7 35. h4 gxh4 36. gxh4 Bc6 37. e5 f5 38. e6 Kd6 39. Kd4 Be4 40.
e7 Kxe7 41. Ke5 b5 42. Be6 Bc2 43. Bxf5 b3 44. Be6 Bd1 45. f5 Bc2 46. f6+ Kf8
47. Kd6 h5 48. Kc5 Bg6 49. Bxb3 Bf7 50. Bxf7 Kxf7 51. Kxb5 Kxf6 52. Kc6 Kf5 53.
b4 Kf4 54. b5 {Source: Bulletin} 1-0

[Event "Benedictine IV"]
[Site "Manchester"]
[Date "1981.09.09"]
[Round "6"]
[White "Hartoch, Robert"]
[Black "Henley, Ron W"]
[Result "0-1"]
[WhiteElo "2390"]
[BlackElo "2455"]
[PlyCount "26"]
[EventDate "1981.09.04"]
[EventType "swiss"]
[EventRounds "9"]
[EventCountry "ENG"]
[SourceTitle "StarBase 2.74"]
[Source "Pickard & Son"]
[SourceDate "2001.12.15"]
[SourceVersion "1"]
[SourceVersionDate "2001.12.15"]
[SourceQuality "2"]

1. e4 e6 2. d3 d5 3. Nd2 Nf6 4. Ngf3 c5 5. g3 b6 6. c3 Be7 7. Bg2 Nc6 8. Qa4
Bb7 9. e5 Nd7 10. O-O Nf8 11. Re1 Qd7 12. Nf1 Nxe5 13. Qxd7+ Nexd7 {Not in the
bulletin (from StarBase). Seems unlikely that White would have resigned at
this stage.} 0-1

[Event "Benedictine IV"]
[Site "Manchester"]
[Date "1981.09.09"]
[Round "6"]
[White "Keene, Raymond D"]
[Black "Pytel, Krzysztof"]
[Result "1-0"]
[WhiteElo "2475"]
[BlackElo "2400"]
[PlyCount "111"]
[EventDate "1981.09.04"]
[EventType "swiss"]
[EventRounds "9"]
[EventCountry "ENG"]
[SourceTitle "Bulletin 1981"]

1. d4 Nf6 2. c4 c5 3. d5 b5 4. Nf3 g6 5. Nbd2 bxc4 6. e4 d6 7. Bxc4 Bg7 8. O-O
O-O 9. Rb1 Nbd7 10. Re1 Nb6 11. b3 Rb8 12. Bb2 Bg4 13. h3 Bxf3 14. Qxf3 Bh6 15.
Qc3 Qc7 16. Bf1 Bg7 17. Qc2 a5 18. Bc3 Qa7 19. a4 Rfd8 20. Bb5 e6 21. Nc4 Nxc4
22. bxc4 Nh5 23. dxe6 fxe6 24. e5 Nf4 25. Qe4 Bxe5 26. Bxe5 dxe5 27. Qxe5 Qf7
28. Rb3 Rbc8 29. Rf3 Rd4 30. g3 Nd3 31. Qxe6 Qxe6 32. Rxe6 Rf8 33. Rxf8+ Kxf8
34. Re8+ Kg7 35. Ra8 Ne5 36. Rxa5 Nxc4 37. Ra7+ Kh6 38. Rc7 Nb2 39. a5 Rd1+ 40.
Kg2 Ra1 41. a6 c4 42. a7 c3 43. Bc6 c2 44. a8=Q Rxa8 45. Bxa8 Nd3 46. Bd5 c1=Q
47. Rxc1 Nxc1 48. Bc4 Kg5 49. Kf3 Kf5 50. Ke3 g5 51. g4+ Ke5 52. Bg8 h6 53. f3
Kd6 54. Kd2 Ke5 55. Kxc1 Kf4 56. Bd5 {Source: Bulletin} 1-0

[Event "Benedictine IV"]
[Site "Manchester"]
[Date "1981.09.09"]
[Round "6"]
[White "Knox, Victor W"]
[Black "Shipman, Walter"]
[Result "0-1"]
[WhiteElo "2315"]
[BlackElo "2345"]
[PlyCount "91"]
[EventDate "1981.09.04"]
[EventType "swiss"]
[EventRounds "9"]
[EventCountry "ENG"]
[SourceTitle "Bulletin 1981"]

1. e4 e5 2. Nf3 d6 3. d4 Nf6 4. Nc3 Nbd7 5. Bc4 h6 6. O-O Be7 7. Qe2 c6 8. h3
Qc7 9. a4 a5 10. dxe5 Nxe5 11. Bb3 Nxf3+ 12. Qxf3 Be6 13. Bxe6 fxe6 14. Ne2 Qd7
15. Nf4 e5 16. Ng6 Rg8 17. Bd2 Bd8 18. Rad1 Qe6 19. Rfe1 Bc7 20. Qf5 Qxf5 21.
exf5 Kf7 22. c4 Rge8 23. b3 d5 24. f4 exf4 25. Bxf4 Bxf4 26. Nxf4 Rxe1+ 27.
Rxe1 dxc4 28. bxc4 Nd7 29. Ne6 Nb6 30. Rb1 Nxa4 31. Rxb7+ Kf6 32. g4 Nc3 33.
Rb6 a4 34. Rxc6 Ke5 35. Nc7 Ra7 36. Nb5 Nxb5 37. cxb5 a3 38. Rc1 a2 39. Ra1 Kd6
40. Kg2 Kc5 41. h4 Kxb5 42. g5 Kb4 43. Kg3 hxg5 44. hxg5 Kb3 45. Kf4 Ra5 46. f6
{Source: Bulletin} 0-1

[Event "Benedictine IV"]
[Site "Manchester"]
[Date "1981.09.09"]
[Round "6"]
[White "Kuligowski, Adam"]
[Black "Basman, Michael John"]
[Result "1/2-1/2"]
[WhiteElo "2405"]
[BlackElo "2400"]
[PlyCount "75"]
[EventDate "1981.09.04"]
[EventType "swiss"]
[EventRounds "9"]
[EventCountry "ENG"]
[SourceTitle "Bulletin 1981"]

1. d4 h6 2. e4 g5 3. Ne2 d6 4. Ng3 Nf6 5. h4 g4 6. h5 c5 7. d5 Nbd7 8. Bf4 a6
9. a4 Ne5 10. Be2 Qc7 11. Nd2 Bd7 12. Ndf1 O-O-O 13. Ne3 Rg8 14. O-O Kb8 15.
Qd2 e6 16. Nd1 Be7 17. Nc3 Nh7 18. a5 Bg5 19. Rfb1 Bxf4 20. Qxf4 Ng5 21. Kf1
Rc8 22. Ra3 Ka8 23. b3 Qd8 24. Qe3 Qf6 25. b4 Ngf3 26. b5 axb5 27. Nxb5 Bxb5
28. Rxb5 Nd4 29. a6 Nxb5 30. axb7+ Kxb7 31. Bxb5 Ra8 32. Qb3 Kc7 33. Qa2 Rxa3
34. Qxa3 Rb8 35. c4 Qf4 36. Qa7+ Rb7 37. Qa5+ Rb6 38. Qa7+ {Source: Bulletin}
1/2-1/2

[Event "Benedictine IV"]
[Site "Manchester"]
[Date "1981.09.09"]
[Round "6"]
[White "Ligterink, Gert"]
[Black "Davies, Nigel Rodney"]
[Result "1/2-1/2"]
[WhiteElo "2450"]
[BlackElo "2395"]
[PlyCount "28"]
[EventDate "1981.09.04"]
[EventType "swiss"]
[EventRounds "9"]
[EventCountry "ENG"]
[SourceTitle "Ligterink, Gert"]

1. d4 d5 2. c4 Nc6 3. Nc3 dxc4 4. Nf3 Nf6 5. e4 Bg4 6. d5 Ne5 7. Bf4 Ng6 8. Bg3
e5 9. h3 Bxf3 10. Qxf3 Bd6 11. Bxc4 O-O 12. h4 Ne7 13. h5 Nc8 14. O-O g6 {
Source: Gert Ligterink} 1/2-1/2

[Event "Benedictine IV"]
[Site "Manchester"]
[Date "1981.09.09"]
[Round "6"]
[White "Murey, Jacob"]
[Black "Miles, Anthony J"]
[Result "0-1"]
[WhiteElo "2450"]
[BlackElo "2565"]
[PlyCount "104"]
[EventDate "1981.09.04"]
[EventType "swiss"]
[EventRounds "9"]
[EventCountry "ENG"]
[SourceTitle "Bulletin 1981"]

1. e4 c5 2. Nf3 e6 3. d4 cxd4 4. Nxd4 a6 5. Bd3 Nf6 6. O-O d6 7. c4 Bd7 8. Nc3
Nc6 9. Nxc6 Bxc6 10. Bf4 Be7 11. Qe2 O-O 12. Rad1 Nd7 13. Bb1 Qc7 14. Rc1 Qb8
15. Nd5 Bxd5 16. exd5 e5 17. Bf5 Nf6 18. Bg3 g6 19. f4 gxf5 20. fxe5 Ne4 21.
exd6 Bxd6 22. Bxd6 Qxd6 23. Rxf5 Qc5+ 24. Kh1 Rae8 25. Qf3 Qd4 26. b3 Kh8 27.
h3 f6 28. Kh2 Nd6 29. Rf4 Re4 30. Rxe4 Nxe4 31. Qf4 f5 32. Rf1 Qb2 33. Rd1 Rg8
34. Rg1 Ng3 35. Re1 Ne4 36. Rg1 Qc3 37. Rc1 Qg7 38. Rc2 Re8 39. c5 Qd7 40. d6
Qe6 41. b4 Qd5 42. Re2 Kg7 43. g4 Qd3 44. Rg2 Nf6 45. gxf5+ Kf7 46. Qh6 Qxf5
47. Qg7+ Ke6 48. Qxb7 Qf4+ 49. Kh1 Qf1+ 50. Kh2 Qf4+ 51. Kh1 Kf5 52. Qg7 Re3 {
Source: Bulletin} 0-1

[Event "Benedictine IV"]
[Site "Manchester"]
[Date "1981.09.09"]
[Round "6"]
[White "Da Cunha, Marcos Paolozzi"]
[Black "Ludgate, Alan Templeton"]
[Result "1-0"]
[WhiteElo "2325"]
[BlackElo "2210"]
[PlyCount "81"]
[EventDate "1981.09.04"]
[EventType "swiss"]
[EventRounds "9"]
[EventCountry "ENG"]
[SourceTitle "Bulletin 1981"]

1. e4 g6 2. d4 Bg7 3. Nc3 d6 4. Nf3 Nf6 5. Be2 O-O 6. O-O c6 7. a4 a5 8. h3 Na6
9. Be3 Nb4 10. Nd2 d5 11. e5 Ne8 12. f4 f5 13. Ncb1 Nc7 14. c3 Nba6 15. Na3 Bd7
16. Bd3 Qb8 17. Nc2 e6 18. Qe2 Rf7 19. b4 axb4 20. cxb4 b5 21. a5 Bf8 22. Rab1
Be7 23. Nf3 Ne8 24. Bf2 Qd8 25. Qe1 Rg7 26. Bh4 Bxh4 27. Nxh4 Qe7 28. Nf3 Nec7
29. Kf2 Rf8 30. Ke3 h6 31. g4 Be8 32. Rg1 g5 33. fxg5 hxg5 34. gxf5 exf5 35.
Nxg5 f4+ 36. Kd2 Bg6 37. Bxg6 Rxg6 38. Ne4 Rxg1 39. Qxg1+ Kh8 40. Qg6 Rf7 41.
Nf6 {Source: Bulletin} 1-0

[Event "Benedictine IV"]
[Site "Manchester"]
[Date "1981.09.09"]
[Round "6"]
[White "Smith, Alan A"]
[Black "Neat, Kenneth P"]
[Result "1-0"]
[WhiteElo "2250"]
[BlackElo "2305"]
[PlyCount "63"]
[EventDate "1981.09.04"]
[EventType "swiss"]
[EventRounds "9"]
[EventCountry "ENG"]
[SourceTitle "Bulletin 1981"]

1. e4 c5 2. Nf3 e6 3. Nc3 Nc6 4. Bb5 Nge7 5. O-O a6 6. Bxc6 Nxc6 7. d4 cxd4 8.
Nxd4 d6 9. Re1 Be7 10. Nxc6 bxc6 11. Qg4 g6 12. e5 d5 13. Bh6 Rb8 14. Rad1 Rb4
15. Qf3 Bd7 16. b3 g5 17. Bg7 Rg8 18. Bf6 Bxf6 19. exf6 Rf4 20. Qd3 Qxf6 21.
Qxa6 Kf8 22. Qa3+ Kg7 23. Qc5 Ra8 24. a4 e5 25. Ne2 Rh4 26. Ng3 Kg8 27. c4 Rd4
28. cxd5 cxd5 29. Rxd4 exd4 30. Qxd5 Bc6 31. Ne4 Qg6 32. Qxd4 {Source: Bulletin
} 1-0

[Event "Benedictine IV"]
[Site "Manchester"]
[Date "1981.09.10"]
[Round "7"]
[White "Basman, Michael John"]
[Black "Keene, Raymond D"]
[Result "0-1"]
[WhiteElo "2400"]
[BlackElo "2475"]
[PlyCount "40"]
[EventDate "1981.09.04"]
[EventType "swiss"]
[EventRounds "9"]
[EventCountry "ENG"]
[SourceTitle "BCM-1981-11, Bulletin"]

1. g4 d5 2. h3 e5 3. Bg2 c6 4. d4 e4 5. c4 Bd6 6. Nc3 Ne7 7. g5 Be6 8. h4 Nf5
9. Bh3 O-O 10. cxd5 cxd5 11. Nxd5 Ng3 12. Nf6+ gxf6 13. fxg3 Bxg3+ 14. Kf1 Nc6
15. Be3 Nb4 16. Kg2 Nd5 17. Kxg3 Nxe3 18. Qd2 Qd6+ 19. Kf2 Qf4+ 20. Nf3 exf3 {
Source: Bulletin & BCM, Nov 1981, p484} 0-1

[Event "Benedictine IV"]
[Site "Manchester"]
[Date "1981.09.10"]
[Round "7"]
[White "Berg, Klaus"]
[Black "Flear, Glenn C"]
[Result "0-1"]
[WhiteElo "2295"]
[BlackElo "2385"]
[PlyCount "80"]
[EventDate "1981.09.04"]
[EventType "swiss"]
[EventRounds "9"]
[EventCountry "ENG"]
[SourceTitle "Bulletin 1981"]

1. Nf3 d5 2. d4 Nf6 3. c4 e6 4. Nc3 c6 5. e3 Nbd7 6. Qc2 Bd6 7. b3 O-O 8. Bb2
Re8 9. Be2 dxc4 10. bxc4 e5 11. O-O exd4 12. exd4 Nf8 13. Rfe1 Bg4 14. h3 Bh5
15. d5 cxd5 16. cxd5 Rc8 17. Qb3 N8d7 18. Nd4 Nc5 19. Qd1 Bg6 20. Nb3 Nfe4 21.
Nxe4 Nxe4 22. Rc1 Rxc1 23. Qxc1 Bb4 24. Rd1 h5 25. Qc4 Bd6 26. Bd4 Qg5 27. Qc1
Bf4 28. Qb2 Nd6 29. Bxa7 Be4 30. Bf1 Nf5 31. Nc5 Bf3 32. Rb1 Nh4 33. Qb5 Ra8
34. Ne6 fxe6 35. Qxb7 Bxd5 36. Qxa8+ Bxa8 37. Rb8+ Kh7 38. Rxa8 Nf3+ 39. Kh1
Qd5 40. Rd8 Qxd8 {Source: Bulletin (some very odd moves probably explained by
time trouble)} 0-1

[Event "Benedictine IV"]
[Site "Manchester"]
[Date "1981.09.10"]
[Round "7"]
[White "Ciric, Dragoljub M"]
[Black "Formanek, Edward W"]
[Result "1-0"]
[WhiteElo "2400"]
[BlackElo "2370"]
[PlyCount "83"]
[EventDate "1981.09.04"]
[EventType "swiss"]
[EventRounds "9"]
[EventCountry "ENG"]
[SourceTitle "Bulletin 1981"]

1. e4 c5 2. Nf3 Nc6 3. d4 cxd4 4. Nxd4 Nf6 5. Nc3 d6 6. Bc4 e6 7. Be3 Be7 8.
Bb3 Qc7 9. f4 O-O 10. O-O Na5 11. Qf3 Bd7 12. f5 Nxb3 13. cxb3 e5 14. Nde2 Bc6
15. Rac1 Qa5 16. a3 d5 17. b4 dxe4 18. Qg3 Qa6 19. Bh6 Nh5 20. Qg4 Bd7 21. Qxh5
Qxh6 22. Qxh6 gxh6 23. Nxe4 Rfc8 24. N2c3 Bc6 25. b5 Be8 26. Nd5 Kf8 27. Nxe7
Kxe7 28. f6+ Kf8 29. Nd6 Rd8 30. Rfd1 b6 31. Kf2 a6 32. Ke3 axb5 33. Ke4 b4 34.
axb4 Ra4 35. Rc4 b5 36. Rc2 Rxb4+ 37. Kxe5 Rg4 38. Rdd2 b4 39. b3 Bd7 40. h3
Rg3 41. Kf4 Rxb3 42. Nb7 {Source: Bulletin} 1-0

[Event "Benedictine IV"]
[Site "Manchester"]
[Date "1981.09.10"]
[Round "7"]
[White "Cox, John J"]
[Black "Leontxo, Olasagasti Garcia"]
[Result "0-1"]
[WhiteElo "2275"]
[BlackElo "2230"]
[PlyCount "30"]
[EventDate "1981.09.04"]
[EventType "swiss"]
[EventRounds "9"]
[EventCountry "ENG"]
[SourceTitle "StarBase 2.74"]
[Source "Pickard & Son"]
[SourceDate "2001.12.15"]
[SourceVersion "1"]
[SourceVersionDate "2001.12.15"]
[SourceQuality "2"]

1. c4 c5 2. Nc3 Nc6 3. g3 g6 4. Bg2 Bg7 5. e3 e5 6. Nge2 Nge7 7. b3 d6 8. Bb2
Be6 9. Ne4 O-O 10. d4 exd4 11. exd4 Nf5 12. Nd2 Nfxd4 13. Nxd4 Nxd4 14. Bxb7
Qe7 15. Be4 d5 {Source: unknown (not in the bulletin)} 0-1

[Event "Benedictine IV"]
[Site "Manchester"]
[Date "1981.09.10"]
[Round "7"]
[White "Haik, Aldo"]
[Black "Murey, Jacob"]
[Result "0-1"]
[WhiteElo "2440"]
[BlackElo "2450"]
[PlyCount "95"]
[EventDate "1981.09.04"]
[EventType "swiss"]
[EventRounds "9"]
[EventCountry "ENG"]
[SourceTitle "Bulletin 1981"]

1. d4 Nf6 2. c4 e6 3. Nc3 Bb4 4. a3 Bxc3+ 5. bxc3 c5 6. e3 Qa5 7. Bb2 d6 8. Nf3
Bd7 9. Bd3 Bc6 10. O-O Nbd7 11. Nd2 Nb6 12. Nb3 Qa4 13. dxc5 Nxc4 14. Bc1 Ne5
15. Bc2 Qh4 16. f3 dxc5 17. Nxc5 Rd8 18. Qe2 Nd5 19. e4 Nxc3 20. Qe3 Nb5 21.
Nb3 Qe7 22. a4 Nc4 23. Qe2 Nba3 24. Bd1 Bxa4 25. Qa2 Bb5 26. Re1 Qb4 27. Kf2
Ne5 28. Bd2 Qd6 29. Qxa3 Nd3+ 30. Kg1 Qxa3 31. Rxa3 Nxe1 32. Rxa7 Ba6 33. Be2
Bxe2 34. Bxe1 O-O 35. Rxb7 Rd1 36. Kf2 Ba6 37. Ra7 Rb1 38. Nc5 Bb5 39. Rb7 Rd8
40. Ba5 Ra8 41. Bc7 h5 42. h4 Ra2+ 43. Kg3 Rbb2 44. Kf4 Bf1 45. Rxb2 Rxb2 46.
g3 Rc2 47. Bd6 Rc3 48. Na4 {Source: Bulletin} 0-1

[Event "Benedictine IV"]
[Site "Manchester"]
[Date "1981.09.10"]
[Round "7"]
[White "Henley, Ron W"]
[Black "Kuligowski, Adam"]
[Result "1/2-1/2"]
[WhiteElo "2455"]
[BlackElo "2405"]
[PlyCount "87"]
[EventDate "1981.09.04"]
[EventType "swiss"]
[EventRounds "9"]
[EventCountry "ENG"]
[SourceTitle "Bulletin 1981"]

1. d4 Nf6 2. c4 c5 3. d5 g6 4. Nc3 d6 5. e4 Bg7 6. Bd3 e5 7. dxe6 Bxe6 8. f4
Nc6 9. Nf3 Nd4 10. f5 Bd7 11. O-O Bc6 12. Nxd4 cxd4 13. Nd5 Bxd5 14. exd5 Nd7
15. Bf4 Ne5 16. Bxe5 Bxe5 17. Qg4 h5 18. Qe4 g5 19. f6 Qa5 20. Qf5 Kd8 21. Rae1
Re8 22. b4 Qxa2 23. c5 a6 24. c6 bxc6 25. dxc6 Qe6 26. Qxg5 Kc7 27. Ra1 Rg8 28.
Qf5 h4 29. Qf3 Qb3 30. Rfb1 Qc3 31. Qd5 Rxg2+ 32. Qxg2 Qxd3 33. Kh1 Rb8 34. b5
Rxb5 35. Rd1 Qb3 36. Qg4 Qd5+ 37. Kg1 Qxc6 38. Qg8 Qd5 39. Rdc1+ Rc5 40. Rxc5+
dxc5 41. Rxa6 Kd7 42. Qf8 Bxh2+ 43. Kxh2 Qe5+ 44. Kh1 {Source: Bulletin}
1/2-1/2

[Event "Benedictine IV"]
[Site "Manchester"]
[Date "1981.09.10"]
[Round "7"]
[White "Hodgson, Julian M"]
[Black "Fedorowicz, John P"]
[Result "1/2-1/2"]
[WhiteElo "2370"]
[BlackElo "2465"]
[PlyCount "54"]
[EventDate "1981.09.04"]
[EventType "swiss"]
[EventRounds "9"]
[EventCountry "ENG"]
[SourceTitle "Bulletin 1981"]

1. g3 Nf6 2. Bg2 g6 3. d3 Bg7 4. Nf3 O-O 5. O-O d6 6. e4 c5 7. Nc3 Nc6 8. h3
Rb8 9. a4 a6 10. Be3 Nd7 11. Qd2 Nd4 12. Kh2 b5 13. axb5 axb5 14. Bh6 Nxf3+ 15.
Bxf3 Ne5 16. Bg2 b4 17. Bxg7 Kxg7 18. Nd5 Nc6 19. f4 Bd7 20. c3 f6 21. d4 bxc3
22. bxc3 cxd4 23. cxd4 Rb7 24. Rfb1 Qb8 25. Rxb7 Qxb7 26. e5 Qb8 27. Ne3 Rc8 {
Source: Bulletin} 1/2-1/2

[Event "Benedictine IV"]
[Site "Manchester"]
[Date "1981.09.10"]
[Round "7"]
[White "Kraidman, Yair"]
[Black "Ligterink, Gert"]
[Result "1/2-1/2"]
[WhiteElo "2440"]
[BlackElo "2450"]
[PlyCount "70"]
[EventDate "1981.09.04"]
[EventType "swiss"]
[EventRounds "9"]
[EventCountry "ENG"]
[SourceTitle "Ligterink, Gert"]

1. d4 Nf6 2. Nf3 e6 3. c4 b6 4. g3 Ba6 5. Nbd2 Bb7 6. Bg2 Be7 7. O-O O-O 8. Qc2
d5 9. b3 Nbd7 10. Bb2 c5 11. Rac1 Rc8 12. Qb1 dxc4 13. Nxc4 b5 14. Ncd2 cxd4
15. Rxc8 Qxc8 16. Bxd4 Qa8 17. Rd1 Rc8 18. Qb2 a6 19. Nf1 Be4 20. Ne3 Qc6 21.
h3 Bf8 22. Bxf6 Nxf6 23. Ne5 Qb7 24. Bf3 h6 25. Kg2 Bc5 26. N3g4 Bxf3+ 27. Nxf3
Nxg4 28. hxg4 Be7 29. Rc1 Bf6 30. Rxc8+ Qxc8 31. Qd2 Qc6 32. Qd3 Kf8 33. e4 Ke7
34. Kf1 Qc5 35. Ke2 Bb2 {Source: Gert Ligterink} 1/2-1/2